000 00313 a2200133 4500
001 90861
082 _a158 COV
090 _c43033
_d43033
100 _aStephen R Covey
245 _a8th Habit: From Effectiveness to Greatness [urdu]
_cStephen R Covey
_nUrdu
250 _a1st
260 _c2012
300 _a112
942 _aCAE NUST
_k158 COV
999 _c325934
_d325934